Paesi, Stati degli U.S.A e Capitali dalle Prime Due Lettere - Statistics

Statistiche generali
  • Questo quiz è stato fatto 1.793 volte
  • Il punteggio medio è 380 su 496
Risposte nella Mappa
Le risposte nella mappa del quiz sottostante sono codificate secondo una scala di colori dal rosso al verde in base alla % di persone che hanno risposto correttamente.
 
Statistiche sulle risposte
Tipo Risposta % Corretto
US State California
96%
Country Cambogia
96%
Country Cameroon
96%
Country Canada
96%
World Capital Canberra
96%
Country Capo Verde
96%
World Capital Caracas
96%
US State Capital Carson City
96%
World Capital Castries
96%
Country Macedonia del Nord
95%
Country Madagascar
95%
US State Capital Madison
95%
World Capital Madrid
95%
US State Maine
95%
World Capital Majuro
95%
World Capital Malabo
95%
Country Malawi
95%
Country Malaysia
95%
Country Maldive
95%
World Capital Malé
95%
Country Mali
95%
Country Malta
95%
World Capital Managua
95%
World Capital Manama
95%
World Capital Manila
95%
World Capital Maputo
95%
Country Marocco
95%
US State Maryland
95%
World Capital Mascate
95%
World Capital Maseru
95%
US State Massachusetts
95%
Country Mauritania
95%
Country Mauritius
95%
Country Ciad
94%
Country Cile
94%
Country Cina
94%
Country Cipro
94%
World Capital Città del Capo
94%
World Capital Città del Guatemala
94%
World Capital Città del Messico
94%
World Capital Città del Vaticano
94%
World Capital Città di San Marino
94%
Country Colombia
93%
US State Colorado
93%
US State Capital Columbia
93%
US State Capital Columbus
93%
Country Comore
93%
World Capital Conakry
93%
US State Capital Concord
93%
US State Connecticut
93%
World Capital Copenhagen
93%
Country Corea del Nord
93%
Country Corea del Sud
93%
Country Costa d'Avorio
93%
Country Costa Rica
93%
US State Alabama
92%
US State Alaska
92%
Country Albania
92%
US State Capital Albany
92%
World Capital Algeri
92%
Country Algeria
92%
World Capital Al Kuwait
92%
Country Libano
92%
Country Liberia
92%
Country Libia
92%
World Capital Libreville
92%
Country Liechtenstein
92%
World Capital Lilongwe
92%
World Capital Lima
92%
US State Capital Lincoln
92%
World Capital Lisbona
92%
US State Capital Little Rock
92%
Country Lituania
92%
World Capital Mogadiscio
92%
Country Moldavia
92%
Country | World Capital Monaco
92%
Country Mongolia
92%
World Capital Monrovia
92%
US State Montana
92%
Country Montenegro
92%
World Capital Montevideo
92%
US State Capital Montgomery
92%
US State Capital Montpelier
92%
World Capital Moroni
92%
World Capital Mosca
92%
Country Mozambico
92%
US State Nord Carolina
92%
US State Nord Dakota
92%
Country Norvegia
92%
World Capital Nouakchott
92%
Country Paesi Bassi
92%
Country Pakistan
92%
Country Palau
92%
World Capital Palikir
92%
Country | World Capital Panama
92%
Country Papua New Guinea
92%
Country Paraguay
92%
World Capital Paramaribo
92%
World Capital Parigi
92%
Country Arabia Saudita
91%
Country Argentina
91%
US State Arizona
91%
US State Arkansas
91%
Country Armenia
91%
Country Messico
91%
Country Brasile
90%
World Capital Brasilia
90%
World Capital Bratislava
90%
World Capital Brazzaville
90%
World Capital Bridgetown
90%
Country Brunei
90%
World Capital Bruxelles
90%
World Capital Dacca
89%
World Capital Dakar
89%
World Capital Damasco
89%
Country Danimarca
89%
US State Nebraska
89%
Country Nepal
89%
US State Nevada
89%
US State New Hampshire
89%
US State New Jersey
89%
US State New Mexico
89%
US State New York
89%
World Capital Pechino
89%
US State Pennsylvania
89%
Country Perù
89%
World Capital Podgorica
89%
Country Polonia
89%
World Capital Port-au-Prince
89%
World Capital Port Louis
89%
World Capital Port Moresby
89%
World Capital Port-of-Spain
89%
Country Portogallo
89%
World Capital Porto-Novo
89%
World Capital Port-Vila
89%
World Capital Sucre
89%
Country Sud Africa
89%
Country Sudan
89%
US State Sud Carolina
89%
US State Sud Dakota
89%
Country Sud Sudan
89%
Country Suriname
89%
World Capital Suva
89%
US State Capital Augusta
88%
US State Capital Austin
88%
Country Australia
88%
Country Austria
88%
World Capital Georgetown
88%
Country | US State Georgia
88%
Country Germania
88%
World Capital Gerusalemme
88%
World Capital Kabul
88%
World Capital Kampala
88%
US State Kansas
88%
World Capital Katmandu
88%
Country Kazakistan
88%
Country Regno Unito
88%
Country Repubblica Ceca
88%
Country Repubblica Centrafricana
88%
Country Repubblica del Congo
88%
Country Repubblica Democratica del Congo
88%
Country Repubblica Dominicana
88%
World Capital Reykjavik
88%
Country Ruanda
88%
Country Russia
88%
World Capital Bogota
86%
US State Capital Boise
86%
Country Bolivia
86%
Country Bosnia ed Erzegovina
86%
US State Capital Boston
86%
Country Botswana
86%
Country Figi
86%
Country Filippine
86%
Country Finlandia
86%
Country Francia
86%
US State Capital Frankfort
86%
World Capital Freetown
86%
World Capital Niamey
85%
Country Nicaragua
85%
World Capital Nicosia
85%
Country Niger
85%
Country Nigeria
85%
World Capital Tunisi
85%
Country Tunisia
85%
Country Turchia
85%
Country Turkmenistan
85%
Country Tuvalu
85%
US State Michigan
84%
Country Micronesia
84%
US State Minnesota
84%
World Capital Minsk
84%
US State Mississippi
84%
US State Missouri
84%
Country Bielorussia
83%
Country Birmania
83%
World Capital Bishkek
83%
US State Capital Bismarck
83%
World Capital Bissau
83%
Country Tagikistan
83%
World Capital Taipei
83%
Country Taiwan
83%
US State Capital Tallahassee
83%
World Capital Tallinn
83%
Country Tanzania
83%
World Capital Tarawa Sud
83%
World Capital Tashkent
83%
World Capital Giacarta
82%
Country Giamaica
82%
Country Giappone
82%
Country | World Capital Gibuti
82%
Country Giordania
82%
World Capital Gitega
82%
World Capital Giuba
82%
Country India
82%
US State Indiana
82%
US State Capital Indianapolis
82%
Country Indonesia
82%
Country Italia
82%
World Capital Nairobi
82%
Country Namibia
82%
US State Capital Nashville
82%
World Capital Nassau
82%
Country Nauru
82%
World Capital Naypyidaw
82%
World Capital Roma
82%
Country Romania
82%
World Capital Roseau
82%
Country Spagna
82%
US State Capital Springfield
82%
Country Andorra
81%
World Capital Andorra la Vella
81%
Country Angola
81%
World Capital Ankara
81%
US State Capital Annapolis
81%
World Capital Antananarivo
81%
Country Antigua and Barbuda
81%
World Capital Beirut
81%
Country Belgio
81%
World Capital Belgrado
81%
Country Belize
81%
World Capital Belmopan
81%
Country Benin
81%
World Capital Berlino
81%
World Capital Berna
81%
Country Iran
81%
Country Iraq
81%
Country Irlanda
81%
World Capital Kiev
81%
World Capital Kigali
81%
World Capital Kingston
81%
World Capital Kingstown
81%
World Capital Kinshasa
81%
Country Kirghizistan
81%
Country Kiribati
81%
US State Capital Sacramento
81%
World Capital Saint George's
81%
World Capital Saint John's
81%
Country Saint Kitts and Nevis
81%
Country Saint Lucia
81%
US State Capital Saint Paul
81%
Country Saint Vincent and the Grenadines
81%
US State Capital Salem
81%
US State Capital Salt Lake City
81%
Country Samoa
81%
World Capital Sana'a
81%
World Capital San Jose
81%
Country San Marino
81%
World Capital San Salvador
81%
US State Capital Santa Fe
81%
World Capital Santiago del Cile
81%
World Capital Santo Domingo
81%
World Capital Sao Tome
81%
Country São Tomé and Príncipe
81%
World Capital Sarajevo
81%
World Capital Tegucigalpa
81%
World Capital Tehran
81%
US State Tennessee
81%
US State Texas
81%
World Capital Islamabad
80%
Country Islanda
80%
Country Isole Marshall
80%
Country Isole Salomone
80%
Country Israele
80%
US State Capital Lansing
80%
Country Laos
80%
World Capital La Paz
80%
World Capital La Valletta
80%
World Capital L'Avana
80%
World Capital Lome
80%
World Capital Londra
80%
US State Louisiana
80%
World Capital Sofia
80%
Country Somalia
80%
Country Svezia
80%
Country Svizzera
80%
Country Venezuela
79%
US State Vermont
79%
World Capital Baghdad
78%
Country Bahamas
78%
Country Bahrain
78%
World Capital Baku
78%
World Capital Bamako
78%
World Capital Bandar Seri Begawan
78%
World Capital Bangkok
78%
Country Bangladesh
78%
World Capital Bangui
78%
World Capital Banjul
78%
Country Barbados
78%
World Capital Basseterre
78%
US State Capital Baton Rouge
78%
World Capital Bucarest
78%
World Capital Budapest
78%
World Capital Buenos Aires
78%
Country Bulgaria
78%
Country Burkina Faso
78%
Country Burundi
78%
World Capital Victoria
78%
World Capital Vienna
78%
World Capital Vientiane
78%
Country Vietnam
78%
World Capital Vilnius
78%
US State Virginia
78%
Country Egitto
77%
Country Guatemala
77%
Country Guinea
77%
Country Guinea-Bissau
77%
Country Guinea Equatoriale
77%
Country Guyana
77%
Country Sierra Leone
77%
Country | World Capital Singapore
77%
Country Siria
77%
Country Lesotho
75%
Country Lettonia
75%
World Capital Nukuʻalofa
75%
World Capital Nuova Delhi
75%
Country Nuova Zelanda
75%
US State Kentucky
74%
Country Kenya
74%
Country Senegal
74%
Country Serbia
74%
World Capital Seul
74%
Country Seychelles
74%
Country Togo
73%
World Capital Tokyo
73%
Country Tonga
73%
US State Capital Topeka
73%
Country Cuba
72%
Country Ecuador
72%
Country Etiopia
71%
Country Oman
71%
US State | World Capital Washington
71%
Country Afghanistan
70%
Country Stati Uniti d'America
70%
World Capital Stoccolma
70%
Country Ucraina
69%
Country Grecia
68%
Country Grenada
68%
Country Estonia
66%
Country Eswatini
66%
Country Gabon
66%
World Capital Gaborone
66%
Country Gambia
66%
Country Yemen
66%
World Capital Dublino
64%
World Capital Dushanbe
64%
World Capital Erevan
64%
Country Eritrea
64%
World Capital Zagrabria
64%
Country Zambia
64%
World Capital Luanda
63%
World Capital Lubiana
63%
World Capital Lusaka
63%
Country | World Capital Lussemburgo
63%
Country Thailand
63%
World Capital Thimphu
63%
World Capital Rabat
62%
US State Capital Raleigh
62%
World Capital Riad
62%
US State Capital Richmond
62%
World Capital Riga
62%
World Capital Vaduz
62%
Country Vanuatu
62%
World Capital Varsavia
62%
Country Vaticano
62%
World Capital Atene
61%
US State Capital Atlanta
61%
Country Haiti
61%
World Capital Hanoi
61%
World Capital Harare
61%
US State Capital Harrisburg
61%
US State Capital Hartford
61%
US State Hawaii
61%
US State Oregon
61%
Country Uruguay
61%
US State Florida
60%
World Capital Asgabat
59%
World Capital Asmara
59%
World Capital Astana
59%
World Capital Asuncion
59%
Country Ghana
58%
Country Timor est
58%
World Capital Tirana
58%
Country Zimbabwe
58%
World Capital Amman
57%
World Capital Amsterdam
57%
World Capital Il Cairo
57%
US State Illinois
57%
Country Uzbekistan
57%
World Capital Dodoma
56%
World Capital Doha
56%
Country Dominica
56%
US State Capital Dover
56%
US State Capital Helena
56%
World Capital Helsinki
56%
Country Honduras
56%
World Capital Honiara
56%
US State Capital Honolulu
56%
World Capital Oslo
55%
US State Delaware
54%
US State Capital Denver
54%
US State Capital Des Moines
54%
US State Oklahoma
54%
US State Capital Oklahoma City
54%
World Capital Sri Jayawardenapura Kotte
54%
Country Sri Lanka
54%
US State Capital Trenton
54%
Country Trinidad and Tobago
54%
World Capital Tripoli
54%
Country Azerbaijan
53%
Country Slovacchia
53%
Country Slovenia
53%
US State Capital Charleston
52%
US State Capital Cheyenne
52%
World Capital Chisinau
52%
World Capital Dili
52%
World Capital Abu Dhabi
51%
World Capital Abuja
51%
Country Kosovo
51%
World Capital Kuala Lumpur
51%
Country Kuwait
51%
Country Croazia
50%
US State Idaho
50%
World Capital Windhoek
50%
US State Wisconsin
50%
World Capital Addis Ababa
49%
World Capital Wellington
49%
US State West Virginia
49%
World Capital Praga
48%
World Capital Praia
48%
World Capital Pretoria
48%
World Capital Pristina
48%
US State Capital Providence
48%
Country Emirati Arabi Uniti
47%
US State Ohio
47%
US State Capital Pierre
47%
US State Utah
47%
Country Ungheria
46%
US State Wyoming
46%
World Capital Ottawa
45%
Country Qatar
45%
World Capital Quito
45%
US State Iowa
44%
Country Uganda
43%
World Capital Accra
42%
Country Bhutan
42%
Country El Salvador
42%
World Capital Phnom Penh
41%
US State Capital Phoenix
41%
World Capital Apia
40%
World Capital Funafuti
40%
US State Capital Jackson
40%
US State Capital Juneau
40%
US State Capital Olympia
40%
US State Capital Jefferson City
38%
World Capital Khartum
38%
World Capital Pyongyang
37%
World Capital Ouagadougou
36%
World Capital Ulan Bator
36%
US State Rhode Island
33%
World Capital Bloemfontein
32%
World Capital N'Djamena
32%
World Capital Ngerulmud
32%
World Capital Skopje
32%
World Capital Tbilisi
31%
World Capital Mbabane
30%
World Capital Yamoussoukro
30%
World Capital Yaounde
30%
World Capital Yaren
30%
Nessun quiz corrispondente trovato
Distribuzione punteggi
Percentuale di utenti per punteggio
Percentile per numero di risposta
I tuoi punteggi nel tempo
Non hai fatto questo quiz